000 00419nam a2200157Ia 4500
008 230711s9999||||xx |||||||||||||| ||und||
041 _aENG
082 _a624
_bBU-I
100 _aBureau of Indian Standard
245 0 _aIS : 1343 1980
_bCode of practice for prestressed concrete
250 _a1st
260 _c1981
_aNew Delhi
_bBureau of Indian Standard
300 _a62
650 _aCivil Engineering
942 _cBK
999 _c1502
_d1502